Statistiques concernant Paroles - Mili Mili - Inoxtag

Cliquez ici pour prendre le quiz!

Statistiques générales

  • Ce quiz a été pris 126 fois
  • Le résultat moyen est 154 sur 310

Statistiques - réponses

Paroles% Correct
mili'
93%
Mili'
93%
mili',
93%
mili
93%
mon
91%
Nananinananana
91%
J'ai
90%
je
72%
Je
72%
Ce
71%
de
71%
Inoxtag,
71%
Inoxtag,
71%
Inoxtag
71%
71%
la
71%
là,
71%
l'a
71%
à
70%
a
70%
À
70%
le
70%
Le
70%
ma
70%
C'est
68%
c'est
68%
par
67%
Il
63%
il
63%
ça
61%
comme
60%
million
60%
Mais
59%
mais
59%
dit
57%
kiffe
57%
on
57%
On
57%
si
57%
Si
57%
pas,
56%
pas
56%
chanter
55%
faire
55%
parti,
54%
parti
54%
m'ont
51%
Ouais,
51%
ouais,
51%
ouais
51%
Ils
49%
Les
49%
les
49%
sensation
49%
soir,
47%
ci
44%
fait
41%
l'important,
41%
sais
41%
vous
41%
Vous
41%
En
40%
en
40%
son,
40%
son
40%
un,
40%
un
40%
chanson
39%
suis
39%
team
39%
d'abonnés
38%
kiffer
38%
maison
38%
porté
38%
J'sais
37%
rentré
37%
tu
37%
vois
36%
chiffres
34%
et
34%
Et
34%
l'ai,
34%
l'ai
34%
millions
34%
sur
34%
Sur
34%
Des
33%
peine
33%
sept
33%
sirop
33%
frissons
32%
Sensations
32%
enfin
31%
J'suis
31%
remercie
31%
sommet
31%
veut
31%
veut,
31%
visé
31%
ai
30%
parle,
30%
veux
30%
veux,
30%
Depuis
29%
grâce
28%
2013,
26%
j'en
26%
J'sirote
26%
non
26%
sensationelles
26%
sensationelles,
26%
vas
26%
train
25%
lâché
24%
peut
24%
rien
24%
t'en
24%
y
24%
assez
23%
cravaché
23%
Mercenaire,
23%
merci
23%
merci,
23%
peux
23%
sache
23%
pote
22%
que
22%
rappeler
22%
êtes
21%
tout
21%
fini
20%
aïe,
18%
Aïe,
18%
aïe
18%
bouton,
18%
bouton
18%
déjà
18%
d'grenadine
18%
qu'on
18%
bleu
17%
cas,
17%
cliqué
17%
go
17%
pouce
17%
qui
17%
rouge
17%
d'avoir
16%
deux
16%
Oh,
16%
Oh
16%
ont
16%
passé
16%
plus
16%
refrain,
16%
refrain
16%
tellement
16%
tous
16%
vite
16%
écouté
15%
envie
15%
musique
15%
peut-être,
15%
peut-être
15%
probablement
15%
réécouter
15%
aura
14%
autre
14%
boys
14%
cette
14%
gars,
14%
qu'il
14%
trois
14%
ceux
13%
Mets
13%
Ah
11%
petit
11%
t'as
11%
dis-moi
10%
réécoutes
10%
T'appuies
10%

Distribution des résultats

Percentile par nombre de réponses

% des personnes avec chaque résultat

Votre développement - résultats

Vous n’avez pas pris ce quiz